| 000 | 00690nam a2200217 a 4500 | ||
|---|---|---|---|
| 005 | 20220623154108.0 | ||
| 008 | 160210s2014 mx r 000 0 spa d | ||
| 020 | _a9789876012225 | ||
| 035 | _aUPN01000208079 | ||
| 049 | _aCG | ||
| 050 | 4 |
_aLC196.5 A7 _bG3.3 |
|
| 100 | 1 |
_aGalli, Gustavo Javier _938577 |
|
| 245 | 1 | 0 |
_aEscuela secundaria y educación popular : _bcartografía de una experiencia / _cGustavo Javier Galli. |
| 260 |
_aBuenos Aires : _bLa Crujía : _bStella, _c2014. |
||
| 300 |
_a183 p. : _bcuadros |
||
| 440 | 0 | _aPerifería | |
| 650 | 4 |
_aEDUCACION POPULAR - _zARGENTINA _914995 |
|
| 650 | 4 |
_aEducación secundaria _zArgentina _912043 |
|
| 905 | _aLibro | ||
| 999 |
_c180180 _d180180 |
||